[Event "St Petersburg Spring op"]
[Site "St Petersburg"]
[Date "2011.03.30"]
[Round "8"]
[White "Latonin, Mikhail"]
[Black "Koshkarov, Ivan"]
[Result "1/2-1/2"]
[WhiteElo "1947"]
[BlackElo "2023"]
[PlyCount "57"]
[EventDate "2011.03.23"]
[EventType "swiss"]
[EventRounds "9"]
[EventCountry "RUS"]
[SourceTitle "CBM 141 Extra"]
[Source "ChessBase"]
[SourceDate "2011.05.03"]
[SourceVersion "1"]
[SourceVersionDate "2011.05.03"]
[SourceQuality "1"]

1. d4 d5 2. c4 c6 3. g3 Nf6 4. Bg2 Bf5 5. Qb3 Qd7 6. Nf3 dxc4 7. Qxc4 e6 8. Bf4 Bd6 9. Ne5 Qc7 10. Nc3 h6 11. e4 Bh7 12. Nxf7 Kxf7 13. e5 Bxe5 14. Bxe5 Qe7 15. 0-0 Nbd7 16. Rfe1 Bf5 17. Qb3 b6 18. Bxc6 Rac8 19. Bxd7 Qxd7 20. Nb5 Rc6 21. Qa3 Ne4 22. f3 Nd2 23. Nd6+ Rxd6 24. Qxd6 Qxd6 25. Bxd6 Nxf3+ 26. Kf2 Nxe1 27. Rxe1 Rc8 28. Bf4 Bg4 29. Rc1 1/2-1/2

[Event "St Petersburg Blockade op"]
[Site "St Petersburg"]
[Date "2011.01.10"]
[Round "8"]
[White "Belenkaya, Dina"]
[Black "Latonin, Mikhail"]
[Result "1-0"]
[WhiteElo "2092"]
[BlackElo "1935"]
[PlyCount "170"]
[EventDate "2011.01.03"]
[EventType "swiss"]
[EventRounds "9"]
[EventCountry "RUS"]
[SourceTitle "CBM 140 Extra"]
[Source "ChessBase"]
[SourceDate "2011.03.01"]
[SourceVersion "1"]
[SourceVersionDate "2011.03.01"]
[SourceQuality "1"]

1. e4 e6 2. d4 d5 3. Nd2 Nf6 4. e5 Nfd7 5. Bd3 c5 6. c3 Nc6 7. Ne2 cxd4 8. cxd4 f6 9. exf6 Nxf6 10. 0-0 Bd6 11. Nf3 0-0 12. Bg5 Qb6 13. Rb1 Nb4 14. Nc3 Nxd3 15. Qxd3 Bd7 16. Bh4 Be8 17. Qe2 Bg6 18. Rbc1 Bf4 19. Rcd1 Ne4 20. Nxe4 Bxe4 21. Ng5 Bf5 22. Rfe1 Rac8 23. Nf3 Bg4 24. Bg3 Rf7 25. Rd3 Rcf8 26. Red1 Qa6 27. Re1 Bxf3 28. Rxf3 Qxe2 29. Rxe2 Bxg3 30. Rxg3 Rc8 31. h3 Rf6 32. Rb3 Rc7 33. f3 Kf7 34. Kf2 Ke7 35. Ke3 Kd6 36. Kd2 Rf4 37. Ke3 Rf6 38. f4 Rcf7 39. g3 h5 40. h4 Rc7 41. Kd2 Rff7 42. Re5 g6 43. Rbe3 Rf6 44. Rb3 Rf5 45. Rbe3 Rf6 46. Rg5 Rg7 47. Rc3 Rg8 48. Re5 Rf5 49. Ke3 Rgf8 50. Rc1 Rxe5+ 51. fxe5+ Kd7 52. Rg1 Ke7 53. g4 Rf7 54. gxh5 gxh5 55. Rg8 Kd7 56. Rg5 Rh7 57. Rg6 Ke7 58. Kf4 Rf7+ 59. Ke3 Rh7 60. Rg8 Kd7 61. Rb8 Kc7 62. Rf8 Kd7 63. Rg8 a6 64. a3 Kc7 65. Kf4 Rf7+ 66. Kg3 Rh7 67. Rg6 Kd7 68. b4 Ke7 69. Rg8 Kd7 70. Rb8 Kc7 71. Rg8 Kd7 72. a4 Kc7 73. Kf4 Rf7+ 74. Ke3 Rh7 75. Rg5 Kd7 76. Kd3 Kc7 77. Kc3 Kc6 78. Kb3 b5 79. a5 Kd7 80. Kc3 Ke7 81. Kd3 Kd7 82. Ke3 Kc7 83. Rg8 Kc6 84. Rd8 Kb7 85. Rd6 Re7 1-0

[Event "St Petersburg Blockade op"]
[Site "St Petersburg"]
[Date "2011.01.07"]
[Round "5"]
[White "Latonin, Mikhail"]
[Black "Menovshchikov, Mark"]
[Result "1-0"]
[WhiteElo "1935"]
[BlackElo "2006"]
[PlyCount "87"]
[EventDate "2011.01.03"]
[EventType "swiss"]
[EventRounds "9"]
[EventCountry "RUS"]
[SourceTitle "CBM 140 Extra"]
[Source "ChessBase"]
[SourceDate "2011.03.01"]
[SourceVersion "1"]
[SourceVersionDate "2011.03.01"]
[SourceQuality "1"]

1. e4 e5 2. Nf3 d6 3. Bc4 Be7 4. 0-0 Nf6 5. Nc3 0-0 6. d4 exd4 7. Nxd4 c6 8. a4 Nbd7 9. Re1 Ne5 10. Bf1 Re8 11. a5 Bf8 12. Nb3 Ng6 13. f3 Nh5 14. Be3 Nhf4 15. Qd2 Qf6 16. Kh1 Be7 17. g3 Ne6 18. f4 Nc7 19. Bd4 Ne5 20. fxe5 dxe5 21. Bc5 Bg4 22. Bxe7 Qxe7 23. h3 Rad8 24. Qe3 Bc8 25. Rad1 Rxd1 26. Rxd1 Ne6 27. Kh2 Ng5 28. h4 Ne6 29. Bh3 h6 30. Bxe6 Qxe6 31. Kg1 Qh3 32. Rd2 Kh7 33. Nd1 Qg4 34. Nf2 Qh5 35. Qe2 Qg6 36. Kh2 b6 37. axb6 axb6 38. Nc1 c5 39. Ncd3 Qe6 40. Ne1 g6 41. h5 f5 42. hxg6+ Qxg6 43. exf5 Bxf5 44. g4 1-0

[Event "St Petersburg Blockade op"]
[Site "St Petersburg"]
[Date "2011.01.06"]
[Round "4"]
[White "Tkachev, Ivan"]
[Black "Latonin, Mikhail"]
[Result "1/2-1/2"]
[WhiteElo "2036"]
[BlackElo "1935"]
[PlyCount "46"]
[EventDate "2011.01.03"]
[EventType "swiss"]
[EventRounds "9"]
[EventCountry "RUS"]
[SourceTitle "CBM 140 Extra"]
[Source "ChessBase"]
[SourceDate "2011.03.01"]
[SourceVersion "1"]
[SourceVersionDate "2011.03.01"]
[SourceQuality "1"]

1. d4 e6 2. Nf3 f5 3. c4 Nf6 4. e3 d5 5. Bd3 c6 6. 0-0 Bd6 7. b3 Qe7 8. a4 a5 9. Qc2 0-0 10. Na3 Bd7 11. cxd5 cxd5 12. Ne5 Rc8 13. Qe2 Rxc1 14. Rfxc1 Bxa3 15. Nxd7 Nbxd7 16. Rc7 Rb8 17. Qc2 Bd6 18. Rc8+ Kf7 19. Rc1 Ne4 20. Rxb8 Bxb8 21. Bxe4 fxe4 22. Qc8 b6 23. g3 Bd6 1/2-1/2

[Event "Kostroma Volga Cup op"]
[Site "Kostroma"]
[Date "2010.07.??"]
[Round "7"]
[White "Bakin, Oleg"]
[Black "Latonin, Mikhail"]
[Result "1/2-1/2"]
[WhiteElo "2018"]
[BlackElo "1880"]
[PlyCount "95"]
[EventDate "2010.07.??"]
[EventType "swiss"]
[EventRounds "9"]
[EventCountry "RUS"]
[SourceTitle "EXT 2011"]
[Source "ChessBase"]
[SourceDate "2010.11.26"]
[SourceVersion "1"]
[SourceVersionDate "2010.11.26"]
[SourceQuality "1"]

1. c4 Nf6 2. Nc3 g6 3. g3 Bg7 4. Bg2 0-0 5. e3 c5 6. Nge2 Nc6 7. 0-0 d6 8. d4 Bg4 9. f3 Bd7 10. b3 cxd4 11. exd4 d5 12. Be3 dxc4 13. bxc4 Na5 14. c5 Be6 15. Qa4 Nc4 16. Bf2 Qa5 17. Qxa5 Nxa5 18. Rfd1 Rfd8 19. Rab1 Bc4 20. h3 Rd7 21. f4 e6 22. Rb2 Rad8 23. g4 Nd5 24. Bxd5 Bxd5 25. Nxd5 exd5 26. Nc3 Nc4 27. Re2 b6 28. cxb6 Nxb6 29. Kg2 Rc8 30. Rd3 h6 31. f5 gxf5 32. gxf5 Kh7 33. Kf3 a6 34. Kg4 Rdc7 35. Nd1 Bf6 36. Bg3 Rc2 37. Rdd2 Rc1 38. Nf2 Rg8+ 39. Kf3 Rc3+ 40. Rd3 Bxd4 41. Rxc3 Bxc3 42. Re7 Kg7 43. Nd3 Bf6 44. Ra7 Nc4 45. Rxa6 Re8 46. Bf4 Bg5 47. h4 Bxf4 48. Nxf4 1/2-1/2

[Event "St Petersburg White Nights op"]
[Site "St Petersburg"]
[Date "2010.06.19"]
[Round "4"]
[White "Kuzmin, Yuriy"]
[Black "Latonin, Mikhail"]
[Result "1-0"]
[WhiteElo "2175"]
[BlackElo "1860"]
[PlyCount "105"]
[EventDate "2010.06.16"]
[EventType "swiss"]
[EventRounds "9"]
[EventCountry "RUS"]
[SourceTitle "EXT 2011"]
[Source "ChessBase"]
[SourceDate "2010.11.26"]
[SourceVersion "1"]
[SourceVersionDate "2010.11.26"]
[SourceQuality "1"]

1. d4 e6 2. c4 f5 3. g3 Nf6 4. Bg2 d5 5. Nf3 c6 6. 0-0 Bd6 7. b3 Qe7 8. a4 0-0 9. a5 Bd7 10. Ba3 Bxa3 11. Nxa3 Be8 12. Nc2 a6 13. Nce1 Bh5 14. Ne5 Nbd7 15. N1d3 Nxe5 16. Nxe5 Nd7 17. Nd3 dxc4 18. bxc4 e5 19. d5 cxd5 20. Bxd5+ Bf7 21. Bxb7 Ra7 22. Bd5 Bxd5 23. cxd5 Qd6 24. Qb3 Rb8 25. Qa2 Rb5 26. Rfd1 Qxd5 27. Qc2 Qe6 28. Qc8+ Kf7 29. Rac1 Rab7 30. Rc6 Qe8 31. Qxe8+ Kxe8 32. Rxa6 Ke7 33. Rc1 Rb1 34. Rxb1 Rxb1+ 35. Kg2 Rb5 36. h4 Nc5 37. Ra7+ Kf6 38. Ne1 Rb2 39. Rc7 Ne6 40. Rc2 Rb1 41. Nf3 Ra1 42. Rc6 h6 43. a6 Ra5 44. Nd2 Ra2 45. Nb3 Ke7 46. e3 Kd7 47. Rb6 Ra3 48. Kf3 e4+ 49. Kg2 Ke7 50. Kf1 Ra2 51. Ke1 Kd7 52. Kd1 Ra4 53. Rxe6 1-0

[Event "St Petersburg Blokadny op"]
[Site "St Petersburg"]
[Date "2010.01.11"]
[Round "9"]
[White "Safronov, Kirill"]
[Black "Latonin, Mikhail"]
[Result "1/2-1/2"]
[WhiteElo "1823"]
[BlackElo "1696"]
[PlyCount "81"]
[EventDate "2010.01.03"]
[EventType "swiss"]
[EventRounds "9"]
[EventCountry "RUS"]
[SourceTitle "CBM 134 Extra"]
[Source "ChessBase"]
[SourceDate "2010.03.03"]
[SourceVersion "1"]
[SourceVersionDate "2010.03.03"]
[SourceQuality "1"]

1. e4 c5 2. Nf3 g6 3. d4 cxd4 4. Nxd4 Bg7 5. c4 Nc6 6. Be3 Nf6 7. Nc3 d6 8. Be2 0-0 9. h3 Bd7 10. 0-0 Nxd4 11. Bxd4 Bc6 12. Bf3 Nd7 13. Bxg7 Kxg7 14. b4 b6 15. a4 Bb7 16. a5 bxa5 17. Rxa5 Ne5 18. Be2 Nc6 19. Ra4 Qb6 20. Nd5 Qd4 21. b5 Qxd1 22. Rxd1 Nd8 23. Nxe7 Bxe4 24. Bd3 Bxd3 25. Rxd3 Nb7 26. Rda3 a5 27. Nc6 Rfe8 28. Kf1 Re6 29. Ra1 Re4 30. f3 Rf4 31. Kf2 Nc5 32. Rxa5 Re8 33. Rd1 Rxc4 34. Ra2 Nd7 35. Rdd2 Rc5 36. Rab2 h5 37. Rdc2 Kf6 38. b6 Rc8 39. Nd4 Rxc2+ 40. Rxc2 Rxc2+ 41. Nxc2 1/2-1/2

[Event "St Petersburg Blokadny op"]
[Site "St Petersburg"]
[Date "2010.01.10"]
[Round "8"]
[White "Latonin, Mikhail"]
[Black "Bekhovskiy, Mikhail"]
[Result "1-0"]
[WhiteElo "1696"]
[BlackElo "1851"]
[PlyCount "73"]
[EventDate "2010.01.03"]
[EventType "swiss"]
[EventRounds "9"]
[EventCountry "RUS"]
[SourceTitle "CBM 134 Extra"]
[Source "ChessBase"]
[SourceDate "2010.03.03"]
[SourceVersion "1"]
[SourceVersionDate "2010.03.03"]
[SourceQuality "1"]

1. e4 c5 2. Nf3 d6 3. d4 cxd4 4. Nxd4 Nf6 5. Nc3 g6 6. Be3 Bg7 7. f3 a6 8. Qd2 b5 9. a4 bxa4 10. Rxa4 Bb7 11. Be2 0-0 12. 0-0 Nbd7 13. Nb3 Qc8 14. Rfa1 Ne8 15. Bd4 Nc7 16. Bxg7 Kxg7 17. Qd4+ Kg8 18. Na5 Ne6 19. Qe3 Nec5 20. Rb4 Rb8 21. Nxb7 Rxb7 22. Rxb7 Qxb7 23. b3 Ne5 24. f4 Nc6 25. Bc4 Nb4 26. Qe2 Qb6 27. Kh1 Kg7 28. Nd5 Nxd5 29. exd5 Re8 30. h3 Qb4 31. Qe3 a5 32. f5 a4 33. f6+ Kxf6 34. Qd4+ Kg5 35. Rf1 f5 36. c3 Qb8 37. g4 1-0

[Event "St Petersburg Blokadny op"]
[Site "St Petersburg"]
[Date "2010.01.06"]
[Round "4"]
[White "Zavgorodniaya, Alena"]
[Black "Latonin, Mikhail"]
[Result "1/2-1/2"]
[WhiteElo "1820"]
[BlackElo "1696"]
[PlyCount "101"]
[EventDate "2010.01.03"]
[EventType "swiss"]
[EventRounds "9"]
[EventCountry "RUS"]
[SourceTitle "CBM 134 Extra"]
[Source "ChessBase"]
[SourceDate "2010.03.03"]
[SourceVersion "1"]
[SourceVersionDate "2010.03.03"]
[SourceQuality "1"]

1. e4 c5 2. Nf3 g6 3. d4 cxd4 4. Nxd4 Bg7 5. Nc3 Nc6 6. Be3 Nf6 7. Be2 0-0 8. Nb3 d6 9. 0-0 Be6 10. f4 Qc8 11. Kh1 Rd8 12. Bf3 d5 13. Nxd5 Bxd5 14. exd5 Nb4 15. d6 Rxd6 16. Qe2 Qxc2 17. Bc5 Re6 18. Qb5 Nc6 19. Rf2 Qf5 20. Bxc6 Rxc6 21. Qxb7 Rac8 22. Bxa7 R6c7 23. Qb6 Nd5 24. Qa5 Ra8 25. Rd2 Rcxa7 26. Qxd5 Qxd5 27. Rxd5 Bxb2 28. Rad1 Rxa2 29. Nc5 Ra1 30. h3 Rxd1+ 31. Rxd1 Ra1 32. Rxa1 Bxa1 33. Ne4 Kg7 34. g4 e6 35. Kg2 h6 36. Kf3 f5 37. Nc5 Kf7 38. Nd3 Bd4 39. Nb4 Kf6 40. Nc2 Bc5 41. Ne1 g5 42. fxg5+ hxg5 43. gxf5 exf5 44. Nd3 Bd6 45. Nf2 Kg6 46. Nd1 Bc5 47. Nc3 Kh5 48. Nd5 Kh4 49. Kg2 g4 50. hxg4 fxg4 51. Nf6 1/2-1/2

[Event "St Petersburg Blokadny op"]
[Site "St Petersburg"]
[Date "2010.01.03"]
[Round "1"]
[White "Latonin, Mikhail"]
[Black "Petrov, Valentin"]
[Result "1-0"]
[WhiteElo "1696"]
[BlackElo "2098"]
[PlyCount "61"]
[EventDate "2010.01.03"]
[EventType "swiss"]
[EventRounds "9"]
[EventCountry "RUS"]
[SourceTitle "CBM 134 Extra"]
[Source "ChessBase"]
[SourceDate "2010.03.03"]
[SourceVersion "1"]
[SourceVersionDate "2010.03.03"]
[SourceQuality "1"]

1. e4 c5 2. Nc3 Nc6 3. g3 Nf6 4. Bg2 h5 5. Nf3 d5 6. exd5 Nxd5 7. Nxd5 Qxd5 8. 0-0 Bg4 9. h3 e6 10. hxg4 hxg4 11. Nh4 Qh5 12. f3 c4 13. fxg4 Bc5+ 14. Kh2 Qe5 15. Bxc6+ bxc6 16. Kg2 Rxh4 17. d4 cxd3 18. gxh4 d2 19. Bxd2 0-0-0 20. Bf4 Qe4+ 21. Qf3 Qxc2+ 22. Kh1 Rd3 23. Qxc6+ Kd8 24. Qg2 Qa4 25. Rac1 Bb6 26. Qb7 Rd7 27. Qc8+ Ke7 28. Qc4 Qa5 29. Rfd1 Rxd1+ 30. Rxd1 e5 31. Bd2 1-0